Bosquejo histórico de la constitución del gobierno de Chile. Durante el primer período de la revolución desde 1810 hasta 1814

সংরক্ষণ করুন:
গ্রন্থ-পঞ্জীর বিবরন
প্রধান লেখক: Lastarria, José Victorino (Author)
বিন্যাস: গ্রন্থ
ভাষা:স্প্যানিশ
প্রকাশিত: Santiago, Chile Imprenta Chilena 1847
বিষয়গুলি:
অনলাইন ব্যবহার করুন:Acceso texto completo
ট্যাগগুলো: ট্যাগ যুক্ত করুন
কোনো ট্যাগ নেই, প্রথমজন হিসাবে ট্যাগ করুন!

MARC

LEADER 00000nam a2200000 a 4500
001 UCR4325
003 CL-VaPUC
005 20210811001529.0
008 980307e18470000CL |||||||||||||||||spa|d
100 |a Lastarria, José Victorino  |e author  |9 312043 
999 |c 267269  |d 267267 
040 |c Pontificia Universidad Católica de Valparaíso 
082 0 4 |a 342.83 LAS 1847  |2 21 
245 1 0 |a Bosquejo histórico de la constitución del gobierno de Chile.   |b Durante el primer período de la revolución desde 1810 hasta 1814 
260 |a Santiago, Chile   |b Imprenta Chilena  |c 1847 
300 |a 211 páginas  
583 |a last modification  |c 19980307 00:00:00  |k Rodrigo Vera 
650 0 |a Constitución política  |9 336925 
650 0 |a Historia constitucional  |z CHILE   |9 256052 
852 |a FDOBRV 
856 |u http://opac.pucv.cl/pucv_img/0-visor/visor.html?file=/pucv_txt/Txt-4000/UCR4325_01.pdf  |z Acceso texto completo  
942 |c BK  |2 ddc 
945 |d 19980307 00:00:00  |a aolguin 
952 |0 0  |1 0  |2 ddc  |4 0  |5 1  |6 342_830000000000000_LAS_1847  |7 1  |8 C_LRYV  |9 299533  |a FDOBRV  |b BIBDER  |d 2019-11-20  |i 1952927  |o 342.83 LAS 1847  |p 1952927  |r 2023-01-25  |w 2019-11-20  |y BK_X  |k BRV